000 01909nam0a2200361 4500
001 RU\NLR\bibl\991367
005 20260405122955.0
010 _a5-7904-0485-5
_9300
021 _aRU
_b2006-51775
_92552
035 _a(NLR Aleph) 000979168
090 _a448038
_c448038
100 _a20061004d2006 u y0rusy50 ca
101 0 _arus
102 _aRU
105 _ay |||||||||
200 1 _aПриходы Барнаульского духовного правления в 1829-1864 гг.
_e(по материалам клировых ведомостей)
_fВ.Н. Владимиров, И.Г. Силина, М.Е. Чибисов
_gФедер. агентство по образованию РФ, Алт. гос. ун-т, Ассоц. "История и компьютер"
210 _aБарнаул
_cИзд-во Алтайского университета
_d2006
215 _a137,[2] с.
_cил., карт.
_d21
300 _aНа 138-й с. 1-й и 2-й авт.: Владимиров В.Н., Силина И.Г., кандидаты ист. наук, доценты
320 _aБиблиогр.: с. 104-115
606 1 _aПриходы церковные православные
_yАлтайский край
_92443927
_3RU\NLR\auth\661453673
686 _aЭ372.24-605.5
700 1 _4070
_7ca
_8rus
_aВладимиров
_bВ. Н.
_cд-р ист. наук, историография
_f1956-
_gВладимир Николаевич
_927949
_3RU\NLR\AUTH\7745010
701 1 _4070
_7ca
_8rus
_aСилина
_bИ. Г.
_cканд. ист. наук
_f1976-
_gИрина Германовна
_931670
_3RU\NLR\auth\7748735
701 1 _aЧибисов
_bМ. Е.
_gМаксим Евгеньевич
_4070
801 0 _aRU
_bNLR
_c20061004
_grcr
801 1 _aRU
_bNLR
_c20061004
830 _aпо кн
942 _cBOOK
980 _aNB